000 02142nam a22001697a 4500
003 IT-RoPau
005 20220918175943.0
008 130220b xxu||||| |||| 00| 0 eng d
040 _cIT-RoPau
245 _aLa Palabra de Dios en el P. Alberione.
_bActas del IX Encuentro de Los Gobiernos Generales de la Familia Paulina. Ariccia 16-21 febrero 1991
250 _aI
260 _aRoma
_bCasa General SSP
_c1991
300 _a142 pp.
_c28,5 cm
490 _vI
520 _aIndice Presentación, del P. Renato Perino, Superior general ssp Diario del IX Encuentro de los Gobiernos Generales de la Familia Paulina (1991), del P. Luis Giovannini ssp Lista de participantes Composición de los grupos de trabajo Programa Diario del Encuentro P. Guido Gandolfo, Las <<Jornadas paulinas de espiritualidad bíblica>> I. El Patrimonio recibido II. Los fundamentos escriturísticos III. Nuestra aportación, hoy P. Luis Giovannini, La formación bíblica del P. Alberione Premisa: dos objectivos Fuentes y bibliografía específica y general I. Etapas de la La formación b del P. Santiago Alberione II. Biblia y movimiento bíblico al comienzo de 1990 P. Angel Colacrai, Textos y refleciones sobre <<paulinidad>> A. Alberione y Pablo B. Alberione, Pablo y Cristo C. Una reflexión sobre los textos Hna. Elena Bosetti, La dimensión pastoral de la Familia Paulina - Las raíces bíblicas I. Istancia pastoral del P. Alberione y de la Familia Paulina II. Las raíces bíblicas: Jesus Pastor Camino, Verdad y Vida III. Un exemplo de lectura profética de la Sagrada Escritura: el encargo de 1 Pt 5,2 a las mujeres Mons. Gianfranco Ravasi, La Biblia en la Iglesia desde la "Dei Verbum" hosta hoy I. Balance de la exégetis contemporanea II. Criterios de historicidad de los Evangelios III. El lenguage bíblico: ¿qué paradigma usar para comunicar la Palabra? IV. La teología bíblica Evaluación de los compromisos asumidos por los Gobiernos Generales de la Familia Paulina al final del Encuentro 1990 Evaluación conclusiva del IX Encuentro y programación del X Encontro (1992) Carta-mensaje conclusivo
942 _2ddc
_cBK
999 _c38135
_d38135